00470nam a22001697a 450000500170000000800410001702000150005802200150007304100130008808200120010110000120011324500570012525000190018226000440020130000300024565000250027520240924134246.0240924b |||||||| |||| 00| 0 eng d a0409003891 a0409003891 aEnglish  a349 JOU lEnglish aThe Law of South Africa / cWA Joubert and JA Faris  aFirst Reissue  aDurban: bButterworth Publisher, c2004 bvii, 351 pages; c26 cm.  aLegal practice bLaw